000 00879nam a2200253Ia 4500
003 OSt
005 20220923222859.0
006 a|||||r|||| 00| 0
007 ta
008 220922b |||||||| |||| 00| 0 hin d
024 _a208,573
037 _cTextual
040 _aARTS
_cARTS
_bhin
041 _2hin
_ahin
082 _aO152,3(Y31):g, M3
100 _aबंसीधर
245 0 _aहिन्दी के ऑंचलिक उपन्यास सिद्धांत और समीक्षा
246 _aHindī ke ऑanchalik upanyās siddhāanta aur samīkṣhā
260 _aनई दिल्ली
_b भाषा प्रका0
_c1983
300 _a228पृ.
_ccm.
650 _aहिन्दी साहित्य
_9156264
942 _hO152,3(Y31):g, M3
_cTEXL
_2CC
999 _c359160
_d359160